Reforming China's rural health system (Record no. 13139)

000 -LEADER
fixed length control field 00558cam a2200193 a 4500
040 ## - CATALOGING SOURCE
Transcribing agency CaPaEBR
082 04 - DEWEY DECIMAL CLASSIFICATION NUMBER
Classification number 362 WOR 2009 A013 Or.
245 00 - TITLE STATEMENT
Title Reforming China's rural health system
260 ## - PUBLICATION, DISTRIBUTION, ETC. (IMPRINT)
Place of publication Washington, DC :
Name of publisher World Bank,
Year of publication c2009.
300 ## - PHYSICAL DESCRIPTION
Number of Pages xxi, 248 p. :
Other physical details ill. ;
Dimensions 23 cm.
490 1# - SERIES STATEMENT
Series statement Directions in development
650 #0 - SUBJECT ADDED ENTRY--TOPICAL TERM
Topical Term Rural health services
650 #0 - SUBJECT ADDED ENTRY--TOPICAL TERM
Topical Term Health care reform
700 1# - ADDED ENTRY--PERSONAL NAME
Personal name Wagstaff, Adam.
710 2# - ADDED ENTRY--CORPORATE NAME
Corporate name or jurisdiction name as entry element World Bank.
710 2# - ADDED ENTRY--CORPORATE NAME
Corporate name or jurisdiction name as entry element ebrary, Inc.
856 40 - ELECTRONIC LOCATION AND ACCESS
Uniform Resource Identifier http://site.ebrary.com/lib/yale/Doc?id=10369837
942 ## - ADDED ENTRY ELEMENTS (KOHA)
Koha item type សៀវភៅភាសាអង់គ្លេស
952 ## - LOCATION AND ITEM INFORMATION (KOHA)
Withdrawn status [LOCAL, KOHA] 0
Holdings
Permanent Location Date acquired Koha item type Lost status Shelving location Barcode Current Location Full call number
Library Block A2017-08-20សៀវភៅភាសាអង់គ្លេស A013A17068Library Block A362 WOR 2009 A013 Or.
មជ្ឈមណ្ឌលឯការនៃសាកលវិទ្យាល័យភូមិន្ទកសិកម្មចំការដូង

Powered by Koha